Entry Personal Name
Number of records used in: 1
001 - CONTROL NUMBER
003 - CONTROL NUMBER IDENTIFIER
005 - DATE AND TIME OF LATEST TRANSACTION
- control field:
20230902121645.0
008 - FIXED-LENGTH DATA ELEMENTS
- fixed length control field:
910716n| acannaab| |n aaa |||
010 ## - LIBRARY OF CONGRESS CONTROL NUMBER
- LC control number:
n 91069737
- Canceled/invalid LC control number:
n 79022977
040 ## - CATALOGING SOURCE
- Original cataloging agency:
DLC
- Transcribing agency:
DLC
- Modifying agency:
DLC
100 10 - HEADING--PERSONAL NAME
- Personal name:
Sydsæter, Knut
670 ## - SOURCE DATA FOUND
- Source citation:
Berck, P. Economists' mathematical manual, 1991:
- Information found:
CIP t.p. (Knut Sydsaeter) data sheet (b. 10-5-37) bk. t.p. (Knut Sydsæter) verso t.p. (professor Knut Sydsæter, Dept. of Economics, Univ. of Oslo, Norway)
670 ## - SOURCE DATA FOUND
- Source citation:
LC data base, 7-16-91
- Information found:
(hdgs.: Sydsæter, Knut; Sydsaeter, Knut)